000 00473nam a2200169Ia 4500
003 LK-CoDNM
008 010623t2010 xxu||||| |||| 00| 1 sin d
040 _aLK-CoDNM
_dLK-CoDNM
_eLK-CoDNM
041 _asin
080 _aX 82.12 PRE
100 _aPremarathna,K.G.
245 _aනූතන පද සංග්‍ර‍හ විචාරය
246 _aNuthana Padya Sangraha Vicharaya
260 _bPradeepa
_aColombo
_c2010
300 _b104, 21 cm
942 _cBK
999 _c129974
_d129974